Estrategia de marketing

Zapisane w:
Opis bibliograficzny
Główni autorzy: Ferrell, O. C (Autor), Hartline, Michael D (Autor)
Format: Książka
Język:hiszpański
Wydane: Cuernavaca Cengage Learning 2012
Wydanie:5a. ed
Hasła przedmiotowe:
Etykiety: Dodaj etykietę
Nie ma etykietki, Dołącz pierwszą etykiete!

MARC

LEADER 00000cam a2200000 a 4500
001 UCD5818
003 CL-VaPUC
008 161028e20120000mx |||||||||||||||||spa|d
020 |a 9780538467384 
082 0 4 |a 658.802  |b FER  |2 21 
100 0 |a Ferrell, O. C  |e author  |9 589619 
700 0 |a Hartline, Michael D  |e author  |9 589620 
245 1 0 |a Estrategia de marketing 
250 |a 5a. ed 
300 |a 744 p 
942 |c BK 
945 |d 20161028 10:18:00  |a dcastane 
260 |a Cuernavaca  |b Cengage Learning  |c 2012 
650 0 |a Marketing  |9 259324 
650 0 |a Investigación de mercado  |9 332310 
650 0 |a Planificación estratégica   |9 259735 
583 |a last modification  |c 20161028 10:18:00  |k Rodrigo Vera 
999 |c 366367  |d 366365